00408 2200169 4500001002100000005001500021008004100036035001900077041000700096082000800103090001500111100001300126245002300139260004200162300001900204650001500223INLIS00000000001903720241224115624241224||||||||| | ||| |||| || |  0010-1224019037 aid0 a813 a813 SWOE d0 aSoekardi00aDI ATAS JALAN RAYA ajakarta baratbPT. Bintang Ilmuc2006 a60hlm17.5x25cm 0afiksi anak